| 000 | 00668nam a2200229 a 4500 | ||
|---|---|---|---|
| 001 | 000044501 | ||
| 003 | DO-SdBNP | ||
| 005 | 20180327133048.0 | ||
| 007 | 000044501 | ||
| 008 | 140703s2007 dr a 000 0 spa d | ||
| 020 | _a9789945160871 | ||
| 040 |
_aBPMET _bspa _cBPMET |
||
| 092 |
_axxxx _bxxxx |
||
| 100 | 1 | _aPhipps, Miguel | |
| 245 | 1 | 3 |
_aEl sapito delincuente / _cMiguel Phipps ; diseño e ilustración Ohanda Coste. |
| 260 |
_aSanto Domingo : _bDe Colores, _c2007. |
||
| 300 |
_a20 P. : _bil. ; _c28 cm. |
||
| 700 | 1 | 2 |
_aCoste, Ohanda _eil. |
| 942 |
_2ddc _cBK |
||
| 945 | _aRemanejado para la BNPHU / 2018 VM | ||
| 956 |
_aVMATEO _b10 _c20150505 _lBPMSU _h00151 |
||
| 999 |
_c7789 _d7789 |
||